00716nai a2200181Ia 4500003000900000008004100009022002200050022002300072040001600095245004900111260008600160310001400246362002500260521006900285650003000354650005700384856009300441IN-BaIIA211028c9999 xx s 000 0 eng d a2576-3180 (Print) a2576-3199 (Online) cIIA Library 0aIEEE Internet of Things Magazineh[eJournal] aNew York, USAbThe Institute of Electrical and Electronics Engineers, Inc. (IEEE) aQuarterly a1(1); 2018 - Present bSubscribed through National Knowledge Resource Consortium (NKRC) a Computing and Processing aCommunication, Networking and Broadcast Technologies uhttps://ieeexplore.ieee.org/servlet/opac?punumber=8548628yClick Here to Access eJournal